Estadísticas para Capitales del mundo más cercanas a Kiev

Haz click aquí para intentar la prueba.

Estadísticas generales

  • Esta prueba ha sido intentada 38 veces
  • La puntuación promedio es 16 de 20

Estadísticas de respuestas

kmcapital% Correcto
758Moscú
100%
746Bucarest
97%
898Budapest
97%
691Varsovia
97%
436Minsk
94%
1023Sofía
91%
1144Praga
82%
837Riga
82%
1007Bratislava
79%
400Chișinău
79%
591Vilna
79%
980Belgrado
76%
1066Tallin
76%
1194Zagreb
74%
1186Ankara
68%
1124Pristina
68%
1172Sarajevo
68%
1168Skopie
65%
1055Viena
65%
1137Helsinki
59%

Distribución de puntuación

Porcentaje por número respondido

Porcentaje de gente con cada puntuación

Historial de tus puntuaciones

No has intentado esta prueba.